African Countries Of Under 1 Million Population - Statistics

General Stats
  • This quiz has been taken 33 times
  • The average score is 4 of 5
Answer Stats
Pop Answer % Correct
491,875 Cabo Verde
97%
90,945 Seychelles
97%
179,200 Sao Tome and Principe
94%
806,200 Comoros
88%
864,618 Djibouti
69%
No matching quizzes found
Score Distribution
Percent of People with Each Score
Percentile by Number Answered
Your Score History
You have not taken this quiz